Per una nova educació pública : declaració de la 40 Escola d'Estiu de Rosa Sensat, juliol 2005 declaració de la 40 Escola d'Estiu de Rosa Sensat, juliol 2005
Descripción Física:
95 p.; 21 cm
MARC
| LEADER | 00000nam a2200000Ia 4500 | ||
|---|---|---|---|
| 001 | 24403 | ||
| 003 | BGR | ||
| 005 | 20260324180622.0 | ||
| 008 | 160829s2005 xx 000 0 cat d | ||
| 080 | |a Bib-250 | ||
| 111 | 2 | |a Escola d'Estiu de Rosa Sensat |9 70777 |c (Barcelona : |d 2005) | |
| 245 | |a Per una nova educació pública : |b declaració de la 40 Escola d'Estiu de Rosa Sensat, juliol 2005 | ||
| 260 | |a Barcelona : |b Associació de Mestres Rosa Sensat, |c 2005 | ||
| 300 | |a 95 p.; |c 21 cm | ||
| 590 | |a Inclou el programa de l'acte de presentació | ||
| 650 | |a Escola d'Estiu de Rosa Sensat |9 50237 | ||
| 650 | |a Educació |x Catalunya |9 37321 | ||
| 650 | |a Educació |x Previsió |x Catalunya |9 50238 | ||
| 650 | |a Escoles públiques |x Catalunya |9 50239 | ||
| 710 | 2 | |a Rosa Sensat (Associació) |9 54183 | |
| 901 | |a Arxiu | ||
| 942 | |n 1 |2 udc |c MON | ||
| 952 | |0 0 |1 0 |4 0 |6 BIB250 |7 1 |9 55898 |a Arxiu |b Arxiu |d 2016-12-01 |l 0 |o Bib-250 |p 24403 |r 2016-12-01 00:00:00 |w 2016-12-01 |y ARXIU | ||
| 999 | |c 59771 |d 59771 | ||